00379nam a22001457a 4500003000400000008004100004020001800045082001500063100002000078245004300098250001600141260005800157300001000215650000800225OSt240413b |||||||| |||| 00| 0 eng d a9789355013521 a153.94 AGM aAGGARWAL, R. S. aA Modern Approach to Logical Reasoning aReprint ed. aNew DelhibNew DelhiS Chand and Company Limitedc2023 aMisc. aBCA